Estudio Prc̀tico del Rǧimen Fiscal del Autotransporte federal y local

Bibliographic Details
Main Author: Luna Guerra, Antonio
Format: eBook
Language:Spanish
Published: Mx̌ico D.F. : Ediciones Fiscales ISEF, 2010
Subjects:
Online Access:http://www.vlex.com/source/10947

MARC

LEADER 00000nam a22000007a 4500
005 20130402161556.0
007 cr|||| ||||
008 130402e2010 mx |||||s|||| 00||0 spa d
020 |a 978-368-726-534-4 
035 |a 10947 
040 |a vLex 
090 |c 4093  |d 4093 
100 1 0 |a Luna Guerra, Antonio  
245 1 0 |a Estudio Prc̀tico del Rǧimen Fiscal del Autotransporte federal y local  |c / Antonio Luna Guerra   |h [Recurso electrn̤ico]  
256 |a Servicio en ln̕ea 
260 |a Mx̌ico D.F. :  |b Ediciones Fiscales ISEF,   |c 2010 
300 |a 1 Recurso electrn̤ico 
506 |a Contenido solo disponible en los productos indicados  |d vLex Global  |d vLex Global (Academic Edition, excluding Law Schools)  |d vLex Global (U.S. Academic Edition, Law Schools)  |d vLex Global (U.S. Academic Edition, excluding Law Schools)  |d vLex Global (Academic Edition, Law Schools) 
650 0 4 |a Derecho tributario  |z Mx̌ico 
650 0 4 |a Transporte   |z Mx̌ico 
740 |a vLex Libros (Servicio en ln̕ea)  
856 |a Acceso restringido  |u http://www.vlex.com/source/10947 
942 |c BOOK 
999 0 |a Taxation